Softvérová podpora komunikácie na internete

Salvato in:
Dettagli Bibliografici
Autore principale: Brezina, Ivan, 1963-
Ente Autore: Centrum ďalšieho vzdelávania Ekonomickej univerzity v Bratislave
Altri autori: Pekár, Juraj, 1972-
Natura: Libro
Lingua:slovacco
Pubblicazione: Bratislava 2000
Soggetti:
Tags: Aggiungi Tag
Nessun Tag, puoi essere il primo ad aggiungerne!!

MARC

LEADER 00000nam$a2200000$$$4500
001 0100632
005 20240502072112.2
041 0 |a slo 
044 |a SK 
245 1 0 |a Softvérová podpora komunikácie na internete  |c Ivan Brezina, Juraj Pekár 
264 1 |a Bratislava  |c 2000 
300 |a 45 s. 
610 2 0 |a internet 
610 2 0 |a komunikácia 
610 2 0 |a komunikácia elektronická 
610 2 0 |a softvér 
100 1 |a Brezina, Ivan, 1963- 
700 1 |a Pekár, Juraj, 1972- 
710 2 |a Centrum ďalšieho vzdelávania Ekonomickej univerzity v Bratislave